000 00517nam a22001697a 4500
999 _c12427
_d12427
003 AR-CdUCM
008 190408b ||||| |||| 00| 0 spa d
040 _aMUNICIPALIDAD PROVINCIAL DEL CUSCO
_cBIBLIOTECA MUNICIPAL DEL CUSCO
082 _aC / 869.521 /
_bB39
100 _aBerdun, Maria Dolores
_930274
245 _aDel Cuzco a Montilla :
_bmemorias de un mestizo /
260 _bI.B. Benalmadena,
300 _a110 páginas ;
_c31 cm.
650 _aNovela.
_95
942 _2ddc
_cLIBROS
945 _awfj
_d2019-04-09